Ground-based and airborne instrumentation for astronomy II (Record no. 17491)

MARC details
000 -LEADER
fixed length control field 00730nam a2200205Ia 4500
003 - CONTROL NUMBER IDENTIFIER
control field IN-BaIIA
008 - FIXED-LENGTH DATA ELEMENTS--GENERAL INFORMATION
fixed length control field 211028s9999 xx 000 0 eng d
020 ## - INTERNATIONAL STANDARD BOOK NUMBER
International Standard Book Number 978-0-8194-7224-3
040 ## - CATALOGING SOURCE
Transcribing agency IIA Library
080 ## - UNIVERSAL DECIMAL CLASSIFICATION NUMBER
Universal Decimal Classification number 535(082.1)
Item number SPI-7014
245 #0 - TITLE STATEMENT
Title Ground-based and airborne instrumentation for astronomy II
Statement of responsibility, etc. edited by Ian S. McLean and Mark M. Casali
260 ## - PUBLICATION, DISTRIBUTION, ETC.
Place of publication, distribution, etc. Washington
Name of publisher, distributor, etc. The International Society for Optical Engineering
Date of publication, distribution, etc. 2008
300 ## - PHYSICAL DESCRIPTION
Extent [various pagings.]
650 ## - SUBJECT ADDED ENTRY--TOPICAL TERM
Topical term or geographic name entry element Instrumentation - congresses
9 (RLIN) 31707
650 ## - SUBJECT ADDED ENTRY--TOPICAL TERM
Topical term or geographic name entry element Optical imaging - congresses
9 (RLIN) 33051
650 ## - SUBJECT ADDED ENTRY--TOPICAL TERM
Topical term or geographic name entry element Optical spectroscopy - congresses
9 (RLIN) 33052
700 ## - ADDED ENTRY--PERSONAL NAME
Personal name Casali, M. M., ed.
9 (RLIN) 33053
700 ## - ADDED ENTRY--PERSONAL NAME
Personal name McLean, I. S., ed.
9 (RLIN) 33054
942 ## - ADDED ENTRY ELEMENTS (KOHA)
Koha item type Books
Holdings
Withdrawn status Lost status Damaged status Not for loan Home library Current library Shelving location Date acquired Source of acquisition Cost, normal purchase price Total Checkouts Full call number Barcode Date last seen Cost, replacement price Price effective from Koha item type Purchase Price
        IIA Library-Bangalore IIA Library-Bangalore General Stacks 09/10/2009 ANJ 5652.47   535(082.1)/ SPI-7014 18413 05/11/2021 5652.47 09/10/2009 Books Rs. 5652.47

Powered by Koha